000 00721cam a2200181 i 4500
005 20251112094853.0
008 250721s2015 jo gr 000 0 ara d
082 1 4 _a189.33
_bع ن ك
100 1 _aعنكير، إبراهيم احمد
_eمؤلف.
245 1 0 _aرفقة الجليس بصحبة الشيخ محمد الغزالي :
_bبين الحوار والمقال /
_cابراهيم أحمد عنكير.
250 _aالطبعة الاولى.
264 3 1 _aعمان :
_bالسواقي العلمية للنشر والتوزيع،
_c2015.
300 _a270 صفحة.
650 1 7 _aالفلسفة الإسلامية.
650 1 7 _aفلسفة الغزالي.
942 _2ddc
_cBK
999 _c132068
_d132068